000 00273nam a2200109Ia 4500
001 588703
005 20250717120836.0
008 250717s9999 xx 000 0 und d
245 0 _aY-5 SELÇUKLU SULTANLARI
_cAYDIN USTA
260 _bYEDİTEPE YAYINLARI
_c2020
300 _b271
999 _c588703
_d588703